Żużel: Wice-mistrzowie świata cyklu SGP - Statystyki

Ogólne statystyki
  • Ten quiz został rozwiązany 167 razy
  • Średni wynik to 24 z 31
Statystyki odpowiedzi
Hint Odpowiedź % Poprawnych
2018 Bartosz Zmarzlik
97%
2021 Bartosz Zmarzlik
97%
2025 Brady Kurtz
95%
1999 Tomasz Gollob
92%
2009 Tomasz Gollob
92%
2023 Fredrik Lindgren
90%
2012 Nicki Pedersen
90%
2016 Tai Woffinden
88%
2020 Tai Woffinden
88%
2010 Jarosław Hampel
87%
2013 Jarosław Hampel
87%
2024 Robert Lambert
87%
2019 Leon Madsen
84%
2022 Leon Madsen
84%
2017 Patryk Dudek
84%
2006 Greg Hancock
81%
2015 Greg Hancock
81%
2001 Jason Crump
81%
2002 Jason Crump
81%
2003 Jason Crump
81%
2005 Jason Crump
81%
2008 Jason Crump
81%
2014 Krzysztof Kasprzak
80%
1995 Tony Rickardsson
78%
2004 Tony Rickardsson
78%
1996 Hans Nielsen
59%
2007 Leigh Adams
53%
2011 Andreas Jonsson
49%
1997 Billy Hamill
49%
2000 Billy Hamill
49%
1998 Jimmy Nilsen
22%
Nie znaleziono quizów pasujących do podanych kryteriów
Rozkład punktacji
Procent ludzi z każdym wynikiem
Percentyl według liczby udzielonych odpowiedzi
Twoja historia wyników
Nie rozwiązałeś tego quizu